00887cam a22002533a 450000100060000000300060000600500170001200800410002904000150007004200070008505000070009210000520009924501520015126000290030350600300033251600200036265300330038265300470041583000290046285600420049194200070053399900190054095200740055926490PGUSA20140828083554.0080830s2008||||xxu|||||s|||||000 | eng d aPGUSAbeng adc 4aDT1 aWorsfold, W. Basilq(William Basil),d1858-193910aLord Milner's Work in South Africa :bFrom its Commencement in 1897 to the Peace of Vereeniging in 1902h[electronic resource] /cW. Basil Worsfold bProject Gutenberg,c2008 aPublic domain in the USA. aElectronic text aSouth African War, 1899-1902 aMilner, Alfred Milner, Viscount, 1854-1925 0aProject Gutenbergv2649040uhttp://www.gutenberg.org/ebooks/26490 cEB c255745d255745 001040aGTBbGTBd2014-08-28l0r2014-08-28 00:00:00w2014-08-28yEB